Trouve le joueur 🇳🇱⚽️ - Statistiques

Statistiques générales
  • Ce quiz a Ă©tĂ© pris 76 fois
  • Le rĂ©sultat moyen est 23 sur 30
Statistiques - réponses
Par images Réponse % Correct
Van Dijk
100%
Robben
99%
Van Persie
99%
Cruyff
97%
Depay
97%
Gullit
96%
Van Der Sar
94%
De Jong
92%
De Jong
92%
De Ligt
90%
Dumfries
89%
Gakpo
88%
Van Basten
86%
Blind
83%
Kluivert
83%
Sneijder
83%
Seedorf
82%
Davids
81%
De Vrij
74%
Lang
71%
Strootman
71%
Cillessen
69%
Huntelaar
69%
Reijnders
63%
Weghorst
63%
Koopmeiners
47%
Bizot
46%
Brobbey
35%
Flekken
28%
Bijlow
8%
Aucun quiz correspondant
Distribution des résultats
% des personnes avec chaque résultat
Percentile par nombre de réponses
Votre historique - résultats
Vous n’avez pas pris ce quiz